000 00425 a2200145 4500
003 Nust
005 20170207154216.0
040 _cNust
082 _a378.4
245 _aUni of Wales Institue, Cardiff Athrifa Prifysgol Cymru, Caerdydd - UG Prospectus 1999-2000
_cUni of Wales Institute
260 _aWales
_bUni of Wales Institute
_c1999-2000
300 _a124 p.
538 _aAlmirah No. 117 Shelf No. 1
650 _aUG Prospectus
942 _2ddc
_cBK
999 _c195095
_d195095